[Event "Titled Tuesday intern op 20th May Late"]
[Site "Chess.com INT"]
[Date "2025.05.20"]
[Round "2"]
[White "Gazineu Neto, Rubens"]
[Black "Myagmarsuren, Evsuld"]
[Result "1-0"]
[WhiteElo "1960"]
[BlackElo "2292"]
[PlyCount "141"]
[EventDate "2025.05.20"]
[EventType "swiss (blitz)"]
[EventRounds "11"]
[EventCountry "USA"]
[SourceTitle "CB22_2025"]
[SourceDate "2025.05.28"]
[SourceVersion "1"]
[SourceVersionDate "2025.05.28"]
[SourceQuality "1"]

1. e4 c5 2. Nf3 d6 3. d4 cxd4 4. Nxd4 Nf6 5. Nc3 a6 6. Be3 e5 7. Nb3 Be6 8. Qd2 Ng4 9. Bg5 Qb6 10. h3 Nf6 11. 0-0-0 Nbd7 12. Be3 Qc7 13. g4 b5 14. g5 b4 15. Nd5 Nxd5 16. exd5 Bf5 17. Bd3 Bxd3 18. Qxd3 Be7 19. f4 a5 20. Kb1 a4 21. Nd2 0-0 22. Ne4 b3 23. cxb3 axb3 24. a3 Qa5 25. f5 Rfc8 26. Rc1 f6 27. h4 Nb6 28. Bxb6 Qxb6 29. gxf6 Bxf6 30. Nxf6+ gxf6 31. Rhg1+ Kh8 32. Rxc8+ Rxc8 33. Qg3 Qb7 34. h5 Qf7 35. h6 Rg8 36. Qxg8+ Qxg8 37. Rxg8+ Kxg8 38. Kc1 Kf7 39. Kd2 Ke7 40. Kc3 Kd7 41. Kxb3 Kc7 42. Kc4 Kb6 43. b4 Ka6 44. a4 Kb6 45. Kd3 Ka6 46. Kc3 Kb6 47. a5+ Kb5 48. Kb3 Ka6 49. Kc4 Kb7 50. Kb5 Ka7 51. Kc4 Ka6 52. Kb3 Kb5 53. Ka3 Ka6 54. Ka4 Ka7 55. b5 Kb7 56. Kb3 Ka7 57. Kc4 Kb7 58. b6 Ka6 59. Kb4 Kb7 60. Kb5 Kb8 61. a6 e4 62. Kc4 Ka8 63. Kd4 Kb8 64. Kxe4 Ka8 65. Kd4 Kb8 66. Kc4 Ka8 67. Kb5 Kb8 68. Kc6 Ka8 69. Kxd6 Kb8 70. Ke6 Ka8 71. Kxf6 1-0

[Event "Titled Tuesday intern op 01st Apr Early"]
[Site "Chess.com INT"]
[Date "2025.04.01"]
[Round "1"]
[White "Gazineu Neto, Rubens"]
[Black "Potapova, Margarita"]
[Result "0-1"]
[WhiteElo "1960"]
[BlackElo "2226"]
[PlyCount "56"]
[EventDate "2025.04.01"]
[EventType "swiss (blitz)"]
[EventRounds "11"]
[EventCountry "USA"]
[SourceTitle "CB15_2025"]
[SourceDate "2025.04.09"]
[SourceVersion "1"]
[SourceVersionDate "2025.04.09"]
[SourceQuality "1"]

1. e4 c5 2. Nf3 d6 3. d4 cxd4 4. Nxd4 Nf6 5. Nc3 a6 6. Be3 e5 7. Nb3 Be7 8. f3 Be6 9. Qd2 0-0 10. 0-0-0 Nbd7 11. g4 b5 12. g5 b4 13. Ne2 Ne8 14. f4 a5 15. Kb1 a4 16. Nbc1 b3 17. cxb3 axb3 18. a3 Bg4 19. Rg1 Bf3 20. Bg2 Bxg2 21. Rxg2 exf4 22. Bxf4 Ne5 23. Nd4 Nc7 24. Nf5 Ne6 25. Bxe5 dxe5 26. Qe1 Qc7 27. Nxe7+ Qxe7 28. Nd3 Nd4 0-1

[Event "Titled Tuesday intern op 01st Apr Early"]
[Site "Chess.com INT"]
[Date "2025.04.01"]
[Round "6"]
[White "Ochedzan, Filip"]
[Black "Gazineu Neto, Rubens"]
[Result "1-0"]
[WhiteElo "2218"]
[BlackElo "1960"]
[PlyCount "87"]
[EventDate "2025.04.01"]
[EventType "swiss (blitz)"]
[EventRounds "11"]
[EventCountry "USA"]
[SourceTitle "CB15_2025"]
[SourceDate "2025.04.09"]
[SourceVersion "1"]
[SourceVersionDate "2025.04.09"]
[SourceQuality "1"]

1. c4 c5 2. Nc3 Nc6 3. g3 Nf6 4. Bg2 g6 5. e3 Bg7 6. Nge2 0-0 7. 0-0 d6 8. d4 Rb8 9. b3 a6 10. Bb2 Qc7 11. Qc2 cxd4 12. exd4 Bf5 13. Qd2 b5 14. cxb5 axb5 15. Rac1 Qb6 16. Nxb5 Qxb5 17. Bxc6 Qa6 18. Ba1 d5 19. Nf4 Rfd8 20. Rfe1 e6 21. Qe2 Qb6 22. Ba4 Bf8 23. Rc6 Qb7 24. Rec1 Rbc8 25. Qb5 Qa8 26. Rxc8 Rxc8 27. Rxc8 Qxc8 28. Qc6 Qb8 29. Bb5 Qa7 30. a4 Qa5 31. Qc1 Ne4 32. Nd3 Bg7 33. b4 Qb6 34. Nc5 Qd6 35. Nxe4 Bxe4 36. Bc3 h5 37. a5 h4 38. a6 hxg3 39. hxg3 Qb6 40. Bf1 Bxd4 41. Bxd4 Qxd4 42. b5 Qb6 43. Qc8+ Kg7 44. Qb7 1-0

[Event "Titled Tuesday intern op 11th Feb Early"]
[Site "Chess.com INT"]
[Date "2025.02.11"]
[Round "3"]
[White "Gazineu Neto, Rubens"]
[Black "Hoffmann, Asa"]
[Result "0-1"]
[WhiteElo "1960"]
[BlackElo "2178"]
[PlyCount "138"]
[EventDate "2025.02.11"]
[EventType "swiss (blitz)"]
[EventRounds "11"]
[EventCountry "USA"]
[SourceTitle "CB09_2025"]
[SourceDate "2025.02.27"]
[SourceVersion "1"]
[SourceVersionDate "2025.02.27"]
[SourceQuality "1"]

1. e4 d6 2. d4 Nf6 3. Bd3 e5 4. Nf3 Nc6 5. d5 Ne7 6. c4 Ng6 7. Nc3 Be7 8. Be3 0-0 9. h3 Nh5 10. g3 Bd7 11. Kf1 a6 12. Kg2 c6 13. Rc1 c5 14. Qc2 h6 15. a3 Rb8 16. b4 b6 17. Rb1 Qc7 18. bxc5 bxc5 19. Be2 f5 20. Nxe5 Nxe5 21. Bxh5 Nxc4 22. Bf4 Nxa3 23. Qd3 Nxb1 24. Rxb1 Rxb1 25. Qxb1 fxe4 26. Qxe4 Bf5 27. Qc4 Bf6 28. Ne4 Bxe4+ 29. Qxe4 Qe7 30. Qd3 a5 31. Bg4 Be5 32. Be6+ Kh8 33. Bxe5 dxe5 34. Qc3 Qf6 35. Qxc5 a4 36. Bg4 a3 37. f3 a2 38. Qa3 e4 39. Qxa2 exf3+ 40. Kf2 Qd4+ 41. Kf1 Qd3+ 42. Kf2 Qd4+ 43. Kf1 Qe5 44. Kf2 Re8 45. Bxf3 Qe3+ 46. Kg2 Rf8 47. Qf2 Qxf2+ 48. Kxf2 Rd8 49. Ke3 g5 50. g4 Kg7 51. Kd4 Kf6 52. Be4 Ke7 53. Bf5 Kd6 54. Be6 Rf8 55. Ke4 Rf1 56. Ke3 Rh1 57. Ke4 Rxh3 58. Kf5 Rh2 59. Kg6 Rh3 60. Kg7 h5 61. gxh5 Rxh5 62. Kg6 Rh1 63. Kxg5 Ke5 64. Kg6 Kd6 65. Kf7 Rf1+ 66. Kg6 Rf4 67. Kg5 Ke5 68. Kg6 Rf3 69. Kg5 Rg3+ 0-1

[Event "Titled Tuesday intern op 28th Jan Early"]
[Site "Chess.com INT"]
[Date "2025.01.28"]
[Round "1"]
[White "Kshatriya, Nitin Vekhande"]
[Black "Gazineu Neto, Rubens"]
[Result "1-0"]
[WhiteElo "2133"]
[BlackElo "1960"]
[PlyCount "51"]
[EventDate "2025.01.28"]
[EventType "swiss (blitz)"]
[EventRounds "11"]
[EventCountry "USA"]
[SourceTitle "CB06_2025"]
[SourceDate "2025.02.05"]
[SourceVersion "1"]
[SourceVersionDate "2025.02.05"]
[SourceQuality "1"]

1. e4 c5 2. Nf3 Nc6 3. Bb5 e6 4. 0-0 Nge7 5. Re1 a6 6. Bf1 d5 7. exd5 Qxd5 8. Nc3 Qd8 9. Ne4 Ng6 10. c3 Be7 11. d4 cxd4 12. cxd4 0-0 13. Be3 b5 14. a4 b4 15. Rc1 Bb7 16. Nc5 Bxc5 17. dxc5 Qe7 18. Nd4 Rfd8 19. Nxc6 Bxc6 20. Qb3 a5 21. Bb5 Bd5 22. Qc2 Rdc8 23. f3 Bc6 24. Bf2 Qb7 25. Qc4 Ne5 26. Rxe5 1-0

[Event "Titled Tuesday intern op 07th Jan Early"]
[Site "Chess.com INT"]
[Date "2025.01.07"]
[Round "11"]
[White "Gazineu Neto, Rubens"]
[Black "Carvalho, Felipe Lobo C"]
[Result "0-1"]
[WhiteElo "1960"]
[BlackElo "2042"]
[PlyCount "78"]
[EventDate "2025.01.07"]
[EventType "swiss (blitz)"]
[EventRounds "11"]
[EventCountry "USA"]
[SourceTitle "CB03_2025"]
[SourceDate "2025.01.15"]
[SourceVersion "1"]
[SourceVersionDate "2025.01.15"]
[SourceQuality "1"]

1. e4 c5 2. Nf3 d6 3. d4 cxd4 4. Nxd4 Nf6 5. Nc3 a6 6. Be3 Ng4 7. Bc1 Nf6 8. Be3 e5 9. Nb3 Ng4 10. Nd5 Nxe3 11. Nxe3 Be6 12. Nd5 Nd7 13. Be2 Nf6 14. c4 Rc8 15. Qd3 Bxd5 16. cxd5 Be7 17. 0-0 0-0 18. Rac1 Qb6 19. Rc2 Rxc2 20. Qxc2 Qb4 21. Nd2 Nd7 22. a3 Qc5 23. Qxc5 Nxc5 24. b4 Na4 25. Rc1 f5 26. f3 Bg5 27. Rc2 Bxd2 28. Rxd2 fxe4 29. fxe4 Rc8 30. b5 axb5 31. Bxb5 Nc5 32. Re2 Ra8 33. Re3 Ra5 34. Be2 Ra4 35. Bf3 Rd4 36. h4 h6 37. Kh2 b5 38. h5 Nd3 39. Kg3 Nf4 0-1

[Event "Titled Tuesday intern op 07th Jan Early"]
[Site "Chess.com INT"]
[Date "2025.01.07"]
[Round "3"]
[White "Persson, Richard"]
[Black "Gazineu Neto, Rubens"]
[Result "1-0"]
[WhiteElo "2106"]
[BlackElo "1960"]
[PlyCount "61"]
[EventDate "2025.01.07"]
[EventType "swiss (blitz)"]
[EventRounds "11"]
[EventCountry "USA"]
[SourceTitle "CB03_2025"]
[SourceDate "2025.01.15"]
[SourceVersion "1"]
[SourceVersionDate "2025.01.15"]
[SourceQuality "1"]

1. e4 c5 2. Nf3 Nc6 3. b4 cxb4 4. d4 d5 5. exd5 Qxd5 6. c4 Qe4+ 7. Be3 Bd7 8. Bd3 Qg4 9. d5 Na5 10. 0-0 Nf6 11. h3 Qh5 12. Nbd2 e6 13. Re1 Be7 14. dxe6 Bxe6 15. Qa4+ Nc6 16. Ng5 Rd8 17. Be2 Qg6 18. Ndf3 Qf5 19. Nd4 Qe5 20. Ngxe6 fxe6 21. Nf3 Qc7 22. Ng5 Qc8 23. Bxa7 0-0 24. Bb6 Rd2 25. Bf3 Nd4 26. Bxd4 Rxd4 27. Nxe6 Rxc4 28. Nxf8 Kxf8 29. Qa7 Rc7 30. Rad1 Bc5 31. Qa4 1-0

[Event "Titled Tuesday intern op 17th Sep Early"]
[Site "Chess,com INT"]
[Date "2024.09.17"]
[Round "4"]
[White "Gazineu Neto, Rubens"]
[Black "Matyassy, Lazar"]
[Result "0-1"]
[WhiteElo "1934"]
[BlackElo "2225"]
[PlyCount "90"]
[EventDate "2024.09.17"]
[EventType "swiss (blitz)"]
[EventRounds "11"]
[EventCountry "USA"]
[SourceTitle "EXT 2025"]
[Source "ChessBase"]
[SourceDate "2024.10.14"]
[SourceVersion "1"]
[SourceVersionDate "2024.10.14"]
[SourceQuality "1"]

1. e4 a6 2. d4 h6 3. Nf3 b6 4. c4 Bb7 5. Bd3 c5 6. d5 d6 7. Nc3 e5 8. dxe6 fxe6 9. 0-0 Nd7 10. Re1 e5 11. Nd5 Ngf6 12. Nh4 g5 13. Ng6 Rg8 14. Nxf8 Rxf8 15. Be2 Nxd5 16. Bh5+ Ke7 17. exd5 Nf6 18. Bg6 Qd7 19. Qb3 b5 20. Bd3 Rab8 21. Qc2 Kd8 22. b3 Kc7 23. a4 b4 24. Bf5 Qe7 25. Bb2 Nh5 26. Rad1 Qf6 27. Bg4 Nf4 28. g3 Ng6 29. Rf1 Ne7 30. Be6 h5 31. Rfe1 g4 32. Bxe5 dxe5 33. d6+ Kb6 34. dxe7 Qxe7 35. Bd5 Rbd8 36. Qe4 Bxd5 37. Rxd5 Rxd5 38. Qxd5 Qf7 39. a5+ Ka7 40. Qxc5+ Ka8 41. Rxe5 Rd8 42. Qc6+ Kb8 43. Rd5 Rxd5 44. cxd5 Qf3 45. Qb6+ Kc8 0-1

[Event "Titled Tuesday intern op 17th Sep Early"]
[Site "Chess,com INT"]
[Date "2024.09.17"]
[Round "3"]
[White "Glek, Igor Vladimirovich"]
[Black "Gazineu Neto, Rubens"]
[Result "1-0"]
[WhiteElo "2402"]
[BlackElo "1934"]
[PlyCount "73"]
[EventDate "2024.09.17"]
[EventType "swiss (blitz)"]
[EventRounds "11"]
[EventCountry "USA"]
[SourceTitle "EXT 2025"]
[Source "ChessBase"]
[SourceDate "2024.10.14"]
[SourceVersion "1"]
[SourceVersionDate "2024.10.14"]
[SourceQuality "1"]

1. g3 d5 2. Nf3 Nf6 3. Bg2 c5 4. 0-0 Nc6 5. d3 g6 6. Nc3 Bg7 7. a3 0-0 8. Rb1 b6 9. b4 cxb4 10. axb4 Bb7 11. b5 Nb8 12. d4 Nbd7 13. Bf4 a5 14. Ne5 Rc8 15. Nc6 Bxc6 16. bxc6 Rxc6 17. Nxd5 Nxd5 18. Bxd5 Rc8 19. Bb7 Rc4 20. e3 e5 21. dxe5 g5 22. Bxg5 Qxg5 23. Qxd7 Rxc2 24. Be4 Rc4 25. f4 Qh5 26. Qd3 Rfc8 27. Rf2 Rc1+ 28. Rxc1 Rxc1+ 29. Kg2 Qd1 30. Qxd1 Rxd1 31. Rb2 a4 32. Rxb6 a3 33. Ra6 Rd2+ 34. Kf3 a2 35. h4 f6 36. e6 f5 37. Bxf5 1-0

[Event "Titled Tuesday intern op 17th Sep Early"]
[Site "Chess,com INT"]
[Date "2024.09.17"]
[Round "1"]
[White "Jeet, Jain"]
[Black "Gazineu Neto, Rubens"]
[Result "1-0"]
[WhiteElo "2301"]
[BlackElo "1934"]
[PlyCount "85"]
[EventDate "2024.09.17"]
[EventType "swiss (blitz)"]
[EventRounds "11"]
[EventCountry "USA"]
[SourceTitle "EXT 2025"]
[Source "ChessBase"]
[SourceDate "2024.10.14"]
[SourceVersion "1"]
[SourceVersionDate "2024.10.14"]
[SourceQuality "1"]

1. c4 c5 2. Nc3 Nc6 3. g3 Nf6 4. Bg2 g6 5. e3 Bg7 6. Nge2 0-0 7. 0-0 d6 8. d4 cxd4 9. exd4 Bd7 10. b3 Rc8 11. Bb2 a6 12. Rc1 Re8 13. Re1 Bf5 14. h3 h5 15. d5 Nb8 16. Nd4 Bd7 17. Qd2 b5 18. cxb5 axb5 19. Ndxb5 Na6 20. Na7 Rc7 21. Nc6 Bxc6 22. dxc6 d5 23. Nxd5 Nxd5 24. Bxg7 Kxg7 25. Qxd5 Qxd5 26. Bxd5 Nb4 27. Bf3 Nxa2 28. Rc4 Rb8 29. Bd1 Nb4 30. Re3 Rxc6 31. Rxe7 Rxc4 32. bxc4 Nd3 33. Be2 Rb1+ 34. Kg2 Nc5 35. Rc7 Rb2 36. Bf1 Ne6 37. Rc8 Rc2 38. h4 Kf6 39. Kf3 Ke5 40. Bh3 f5 41. Bf1 Nd4+ 42. Ke3 Ne6 43. Rd8 1-0

[Event "Titled Tuesday intern op 27th Aug Late"]
[Site "Chess.com INT"]
[Date "2024.08.27"]
[Round "4"]
[White "Gazineu Neto, Rubens"]
[Black "Harshavardhan, GB."]
[Result "0-1"]
[WhiteElo "1934"]
[BlackElo "2401"]
[PlyCount "28"]
[EventDate "2024.08.27"]
[EventType "swiss (blitz)"]
[EventRounds "11"]
[EventCountry "USA"]
[SourceTitle "EXT 2025"]
[Source "ChessBase"]
[SourceDate "2024.10.14"]
[SourceVersion "1"]
[SourceVersionDate "2024.10.14"]
[SourceQuality "1"]

1. e4 e5 2. Nf3 Nf6 3. Nxe5 Nc6 4. Nxc6 dxc6 5. Nc3 Bc5 6. h3 h5 7. d3 Be6 8. Be2 Qd6 9. Qd2 Qd4 10. Rf1 0-0-0 11. Qf4 Qb4 12. a3 Qb6 13. Be3 Qxb2 14. Bxc5 Qxc3+ 0-1

[Event "Titled Tuesday intern op 13th Aug Early"]
[Site "Chess.com INT"]
[Date "2024.08.13"]
[Round "2"]
[White "Gazineu Neto, Rubens"]
[Black "Storey, Charles"]
[Result "0-1"]
[WhiteElo "1934"]
[BlackElo "2159"]
[PlyCount "62"]
[EventDate "2024.08.13"]
[EventType "swiss (blitz)"]
[EventRounds "11"]
[EventCountry "USA"]
[SourceTitle "EXT 2025"]
[Source "ChessBase"]
[SourceDate "2024.10.14"]
[SourceVersion "1"]
[SourceVersionDate "2024.10.14"]
[SourceQuality "1"]

1. e4 g6 2. Nf3 Bg7 3. d4 c5 4. Nc3 cxd4 5. Nxd4 Nc6 6. Be3 d6 7. f3 Bd7 8. Qd2 Nf6 9. Bc4 0-0 10. h4 Rc8 11. Bb3 h5 12. 0-0-0 Nxd4 13. Bxd4 b5 14. a3 a5 15. Nd5 Nxd5 16. Bxg7 Kxg7 17. Bxd5 b4 18. axb4 axb4 19. Qxb4 Qc7 20. Bb3 Be6 21. Rd3 Bxb3 22. Qxb3 Qa7 23. Qa3 Qf2 24. Rd2 Qg3 25. Qd3 Ra8 26. Kb1 Kg8 27. b3 Ra5 28. Qc4 Rfa8 29. Kb2 Ra2+ 30. Kc3 Qe5+ 31. Qd4 Qb5 0-1

[Event "Titled Tuesday intern op 13th Aug Late"]
[Site "Chess.com INT"]
[Date "2024.08.13"]
[Round "10"]
[White "Lima, Valdenicio Marcelin"]
[Black "Gazineu Neto, Rubens"]
[Result "0-1"]
[WhiteElo "1971"]
[BlackElo "1934"]
[PlyCount "86"]
[EventDate "2024.08.13"]
[EventType "swiss (blitz)"]
[EventRounds "11"]
[EventCountry "USA"]
[SourceTitle "EXT 2025"]
[Source "ChessBase"]
[SourceDate "2024.10.14"]
[SourceVersion "1"]
[SourceVersionDate "2024.10.14"]
[SourceQuality "1"]

1. Nf3 d5 2. d4 Nf6 3. c4 c6 4. Nc3 dxc4 5. a4 Bf5 6. e3 Nbd7 7. Bxc4 e6 8. 0-0 Bb4 9. Qb3 a5 10. Rd1 0-0 11. Nh4 Bg4 12. Nf3 Bxf3 13. gxf3 Qe7 14. e4 h6 15. Ne2 Nh5 16. Be3 Qf6 17. Kg2 Rfd8 18. Rac1 Rac8 19. Bd3 e5 20. Ng3 Nf4+ 21. Bxf4 exf4 22. Ne2 Qh4 23. Bc4 Rf8 24. Kh1 Nb6 25. Bd3 Rcd8 26. Bb1 Qxf2 27. Nxf4 Bd2 28. Rc2 Rxd4 29. Ng2 Rfd8 30. Qxb6 Qxf3 31. e5 Qxd1+ 32. Ne1 Qxe1+ 33. Kg2 Rg4+ 34. Kf3 Qe3+ 35. Kxg4 Qxb6 36. e6 fxe6 37. Ba2 Rd4+ 38. Kf3 c5 39. Kf2 Qc6 40. Ke2 Qe4+ 41. Kd1 Bc3+ 42. Rd2 Rxd2+ 43. Kc1 Qc2# 0-1

[Event "Titled Tuesday intern op 23rd Jul Early"]
[Site "Chess.com INT"]
[Date "2024.07.23"]
[Round "7"]
[White "Gazineu Neto, Rubens"]
[Black "Liu, Kelsey"]
[Result "0-1"]
[WhiteElo "1934"]
[BlackElo "1976"]
[PlyCount "56"]
[EventDate "2024.07.23"]
[EventType "swiss (blitz)"]
[EventRounds "11"]
[EventCountry "USA"]
[SourceTitle "EXT 2025"]
[Source "ChessBase"]
[SourceDate "2024.10.14"]
[SourceVersion "1"]
[SourceVersionDate "2024.10.14"]
[SourceQuality "1"]

1. e4 c5 2. Nf3 e6 3. d4 cxd4 4. Nxd4 Nf6 5. Nc3 Nc6 6. a3 Bc5 7. Nb3 Be7 8. Be3 0-0 9. Be2 d5 10. exd5 exd5 11. 0-0 Bf5 12. Bf3 d4 13. Nxd4 Nxd4 14. Bxd4 Bxc2 15. Qxc2 Qxd4 16. Bxb7 Rab8 17. Bf3 Rfc8 18. Qe2 Bf8 19. Rfd1 Qb6 20. Rd2 a5 21. g3 h6 22. Nd5 Nxd5 23. Bxd5 Rc7 24. b3 Rbc8 25. a4 Bb4 26. Rda2 Qd4 27. Rd1 Rc1 28. Ra1 Qxa1 0-1

[Event "Titled Tuesday intern op 23rd Jul Early"]
[Site "Chess.com INT"]
[Date "2024.07.23"]
[Round "5"]
[White "Larina, Marija"]
[Black "Gazineu Neto, Rubens"]
[Result "1-0"]
[WhiteElo "1969"]
[BlackElo "1934"]
[PlyCount "57"]
[EventDate "2024.07.23"]
[EventType "swiss (blitz)"]
[EventRounds "11"]
[EventCountry "USA"]
[SourceTitle "EXT 2025"]
[Source "ChessBase"]
[SourceDate "2024.10.14"]
[SourceVersion "1"]
[SourceVersionDate "2024.10.14"]
[SourceQuality "1"]

1. e4 c5 2. Nc3 d6 3. d4 cxd4 4. Qxd4 Nc6 5. Qd2 g6 6. b3 Bg7 7. Bb2 Nf6 8. 0-0-0 0-0 9. f3 a5 10. a4 Bd7 11. g4 Nb4 12. Kb1 Rc8 13. h4 h5 14. gxh5 Nxh5 15. Nge2 Qc7 16. Bh3 Bxh3 17. Rxh3 Rfd8 18. Rc1 Qd7 19. Rh2 Be5 20. f4 Bg7 21. Nd5 Nxd5 22. Qxd5 Bxb2 23. Kxb2 Rc5 24. Qd2 Rdc8 25. Nd4 Qg4 26. f5 Qxe4 27. fxg6 fxg6 28. Re2 Qxh4 29. Rg1 1-0

[Event "Titled Tuesday intern op 23rd Jul Early"]
[Site "Chess.com INT"]
[Date "2024.07.23"]
[Round "3"]
[White "Manon Og, Ramon Jr"]
[Black "Gazineu Neto, Rubens"]
[Result "0-1"]
[WhiteElo "1960"]
[BlackElo "1934"]
[PlyCount "100"]
[EventDate "2024.07.23"]
[EventType "swiss (blitz)"]
[EventRounds "11"]
[EventCountry "USA"]
[SourceTitle "EXT 2025"]
[Source "ChessBase"]
[SourceDate "2024.10.14"]
[SourceVersion "1"]
[SourceVersionDate "2024.10.14"]
[SourceQuality "1"]

1. e4 c5 2. Nf3 Nc6 3. Bb5 e6 4. 0-0 Nge7 5. c4 b6 6. Nc3 Bb7 7. d3 g6 8. Re1 d6 9. Bg5 h6 10. Bf6 Rg8 11. Nd5 a6 12. Bh4 exd5 13. exd5 axb5 14. dxc6 Bxc6 15. cxb5 Bd5 16. d4 c4 17. Bf6 Ra7 18. a4 Bg7 19. Bxg7 Rxg7 20. Nd2 Kf8 21. Ne4 Bxe4 22. Rxe4 d5 23. Re5 Kg8 24. Qd2 Kh7 25. Rae1 Nf5 26. g4 Nh4 27. Qf4 Rxa4 28. Re8 Qg5 29. Qg3 Rb4 30. R8e5 f5 31. Rxd5 Rb3 32. Re3 Rxe3 33. fxe3 Qxg4 34. Qxg4 fxg4 35. Rd6 Rb7 36. Rc6 Nf3+ 37. Kg2 Ng5 38. Rxc4 Ne4 39. Rc6 h5 40. d5 Rd7 41. Re6 Nd2 42. d6 Nc4 43. Re7+ Rxe7 44. dxe7 Nd6 45. h3 gxh3+ 46. Kxh3 g5 47. e4 Kg7 48. e5 Ne8 49. Kg3 Kf7 50. e6+ Kxe6 0-1

[Event "Titled Tuesday intern op 09th Jul Late"]
[Site "Chess.com INT"]
[Date "2024.07.09"]
[Round "1"]
[White "Gazineu Neto, Rubens"]
[Black "Rodriguez Fontecha, Marcos"]
[Result "0-1"]
[WhiteElo "1934"]
[BlackElo "2278"]
[PlyCount "70"]
[EventDate "2024.07.09"]
[EventType "swiss (blitz)"]
[EventRounds "11"]
[EventCountry "USA"]
[SourceTitle "EXT 2025"]
[Source "ChessBase"]
[SourceDate "2024.10.14"]
[SourceVersion "1"]
[SourceVersionDate "2024.10.14"]
[SourceQuality "1"]

1. e4 c6 2. d4 d5 3. Nc3 dxe4 4. Nxe4 Nf6 5. Nxf6+ gxf6 6. g3 Bf5 7. Bg2 e6 8. Ne2 Bd6 9. Bf4 Qc7 10. c3 Nd7 11. Qa4 e5 12. Be3 Nb6 13. Qa5 Nc4 14. Qxc7 Bxc7 15. Bc1 Bd3 16. b3 Nd6 17. dxe5 fxe5 18. Ba3 0-0-0 19. Rd1 Nb5 20. Bb2 Ba5 21. b4 Bb6 22. a4 Bxe2 23. Kxe2 Nd6 24. a5 Bc7 25. Bh3+ Kb8 26. Bc1 Nc4 27. Rxd8+ Rxd8 28. Rd1 Rxd1 29. Kxd1 Nd6 30. f3 Bd8 31. Ke2 Kc7 32. Be3 b6 33. axb6+ axb6 34. Bg4 f5 35. Bh5 Bf6 0-1

[Event "Titled Tuesday intern op 09th Jul Late"]
[Site "Chess.com INT"]
[Date "2024.07.09"]
[Round "8"]
[White "Gazineu Neto, Rubens"]
[Black "Stoettner, Lukas"]
[Result "0-1"]
[WhiteElo "1934"]
[BlackElo "2202"]
[PlyCount "92"]
[EventDate "2024.07.09"]
[EventType "swiss (blitz)"]
[EventRounds "11"]
[EventCountry "USA"]
[SourceTitle "EXT 2025"]
[Source "ChessBase"]
[SourceDate "2024.10.14"]
[SourceVersion "1"]
[SourceVersionDate "2024.10.14"]
[SourceQuality "1"]

1. e4 e5 2. Nf3 Nc6 3. Bb5 Nge7 4. d4 exd4 5. Nxd4 Nxd4 6. Qxd4 Nc6 7. Qd1 Bc5 8. Nc3 0-0 9. 0-0 a6 10. Bc4 d6 11. a3 Ne5 12. Be2 Qh4 13. b4 Ba7 14. b5 f5 15. bxa6 Rb8 16. Rb1 fxe4 17. Qd5+ Kh8 18. Qxe4 Qxe4 19. Nxe4 Bf5 20. Ng3 Bxc2 21. Rxb7 Rxb7 22. axb7 Nd3 23. Bxd3 Bxd3 24. Rd1 Bxf2+ 25. Kh1 Ba6 26. Ne4 Bb6 27. h3 Bxb7 28. a4 Bxe4 29. Bg5 h6 30. Be7 Rf7 31. Bd8 Bc2 32. Rc1 Bxa4 33. Bh4 Bd7 34. Bg3 Bb5 35. Kh2 Kh7 36. Rb1 Bd7 37. Bxd6 cxd6 38. Rxb6 Rf6 39. Rb7 Bf5 40. Re7 d5 41. Re5 Be4 42. Kg3 Rf5 43. Re7 Rg5+ 44. Kf2 Rxg2+ 45. Kf1 Rg3 46. h4 Rh3 0-1

[Event "Titled Tuesday intern op 09th Jul Late"]
[Site "Chess.com INT"]
[Date "2024.07.09"]
[Round "10"]
[White "Lantini, Marco"]
[Black "Gazineu Neto, Rubens"]
[Result "1-0"]
[WhiteElo "1974"]
[BlackElo "1934"]
[PlyCount "95"]
[EventDate "2024.07.09"]
[EventType "swiss (blitz)"]
[EventRounds "11"]
[EventCountry "USA"]
[SourceTitle "EXT 2025"]
[Source "ChessBase"]
[SourceDate "2024.10.14"]
[SourceVersion "1"]
[SourceVersionDate "2024.10.14"]
[SourceQuality "1"]

1. d4 d5 2. Nf3 Nf6 3. g3 Nbd7 4. Bg2 c5 5. 0-0 e6 6. c3 Be7 7. Re1 b6 8. Ne5 Bb7 9. Nd2 Nxe5 10. dxe5 Nd7 11. e4 Nf8 12. exd5 exd5 13. c4 Ne6 14. cxd5 Bxd5 15. Ne4 Bxe4 16. Bxe4 Qxd1 17. Rxd1 Rc8 18. Bd2 Nd4 19. Kf1 0-0 20. Bc3 Nb5 21. Be1 Rfd8 22. Bb7 Rb8 23. Bc6 Nd4 24. Be4 f5 25. Bd3 g5 26. Bc3 f4 27. Bc4+ Kg7 28. a4 fxg3 29. hxg3 Nf3 30. Kg2 Nd4 31. Rd2 h6 32. Rad1 Rbc8 33. Ba6 Rb8 34. Bc4 a5 35. b3 Rbc8 36. Bxd4 cxd4 37. Rxd4 Rxd4 38. Rxd4 Rd8 39. Re4 Rd2 40. Kf3 h5 41. Re2 Rxe2 42. Bxe2 Bc5 43. Kg2 Kg6 44. f4 gxf4 45. gxf4 h4 46. Bg4 Be3 47. Kf3 Bd2 48. Ke4 1-0

[Event "Titled Tuesday intern op 09th Jul Late"]
[Site "Chess.com INT"]
[Date "2024.07.09"]
[Round "2"]
[White "Skaric, Djuro"]
[Black "Gazineu Neto, Rubens"]
[Result "1-0"]
[WhiteElo "2277"]
[BlackElo "1934"]
[PlyCount "85"]
[EventDate "2024.07.09"]
[EventType "swiss (blitz)"]
[EventRounds "11"]
[EventCountry "USA"]
[SourceTitle "EXT 2025"]
[Source "ChessBase"]
[SourceDate "2024.10.14"]
[SourceVersion "1"]
[SourceVersionDate "2024.10.14"]
[SourceQuality "1"]

1. g3 d5 2. Bg2 Nf6 3. d3 g6 4. Nf3 Bg7 5. 0-0 0-0 6. h3 c5 7. Nc3 Nc6 8. e4 dxe4 9. dxe4 e5 10. Be3 b6 11. Nd2 Ba6 12. Re1 Nd4 13. a4 Rc8 14. Kh2 h6 15. f4 exf4 16. gxf4 Nh5 17. Nd5 Bb7 18. Nc3 Qh4 19. Qg4 Qxg4 20. hxg4 Nf6 21. Bxd4 Nxg4+ 22. Kg3 cxd4 23. Nb5 Ne3 24. c3 Nxg2 25. Kxg2 dxc3 26. bxc3 a6 27. Nd6 Rc7 28. Nxb7 Rxb7 29. e5 Rd8 30. Ne4 Rc7 31. Re3 Kf8 32. Rb1 Rc6 33. Kf3 f6 34. exf6 Bxf6 35. a5 b5 36. Rg1 Kg7 37. f5 g5 38. Rge1 Rd7 39. Nxf6 Rxf6 40. Kg4 Rc7 41. Re7+ Rf7 42. Rxf7+ Kxf7 43. Re6 1-0